Statistics for Formula 1 Grand Prix Drivers - a Century of Starts without a Victory

Click here to take the quiz!

General Stats

  • This quiz has been taken 180 times
    (144 since last reset)
  • The average score is 9 of 16

Answer Stats

Race StartsSeasonsNationalityDRIVER% Correct
1022014, 2016-19DenmarkKevin Magnussen
94%
1762011-19MexicoSergio Perez
94%
1642009, 2012-19FranceRomain Grosjean
89%
1071994-98, 2000-01, 2003NetherlandsJos Verstappen
84%
1832000-11GermanyNick Heidfeld
81%
1041999-2002, 2005-06, 2010-12SpainPedro de la Rosa
79%
1091994-2000, 2002FinlandMika Salo
69%
2081980-94ItalyAndrea de Cesaris
62%
1282007-11, 2013-14GermanyAdrian Sutil
61%
1581984-89, 1991-96United KingdomMartin Brundle
60%
1321978, 1980-89United StatesEddie Cheever
39%
1471981-90, 1993United KingdomDerek Warwick
30%
1772010, 2012-19GermanyNico Hulkenburg
28%
1341971, 1973-83FranceJean-Pierre Jarier
26%
1091984-90, 1993-94FrancePhilippe Alliot
21%
1191984-85, 1988-95ItalyPierluigi Martini
20%

Score Distribution

Percentile by Number Answered

Percent of People with Each Score

Your Score History

You have not taken this quiz since the last reset